De las islas del mar océano

Gorde:
Xehetasun bibliografikoak
Egile Nagusiak: López de Palacios Rubios, Juan (autor), Paz, Matías de (Egilea)
Formatua: Liburua
Hizkuntza:gaztelania
Argitaratua: Ciudad de México, México Fondo de Cultura Económica 1954
Gaiak:
Etiketak: Etiketa erantsi
Etiketarik gabe, Izan zaitez lehena erregistro honi etiketa jartzen!

MARC

LEADER 00000nam a2200000 a 4500
001 UCO2874
003 CL-VaPUC
005 20210510170102.0
008 000608e19540000MX |||||||||||||||||spa|d
999 |c 289366  |d 289364 
040 |c Pontificia Universidad Católica de Valparaíso 
082 0 4 |a 980.012 LOP 1954  |2 21 
100 |a López de Palacios Rubios, Juan  |e autor  |9 446576 
245 1 0 |a De las islas del mar océano 
246 1 0 |a Del dominio de los reyes de España sobre los indios 
260 |a Ciudad de México, México  |b Fondo de Cultura Económica  |c 1954 
300 |a 318 páginas 
583 |a last modification  |c 20000608 00:00:00  |k Rodrigo Vera 
650 0 |a Historia de América  |9 266076 
650 0 |a Pueblos de América  |9 446252 
650 0 |a Indios de América del Sur  |z AMERICA DEL SUR  |9 255272 
650 0 |a Derecho Indiano  |z AMERICA  |9 256266 
700 0 |a Paz, Matías de  |e author  |9 446577 
852 |a BIBCUR 
942 |c BK  |2 ddc 
945 |d 20000608 00:00:00  |a rherrera 
952 |0 0  |1 0  |2 ddc  |4 0  |6 980_012000000000000_LOP_1954  |7 0  |8 A  |9 337701  |a BIBHIS  |b BIBHIS  |d 2019-11-20  |i 1288512  |o 980.012 LOP 1954  |p 1288512  |r 2025-01-20  |t 1  |w 2019-11-20  |y BK  |k HIS